• 首页
  • 本馆介绍
  • 公告通知
  • 最新文献
  • 馆藏检索
  • 电子资源
  • 读者导购
  • 参考咨询
  • 我的图书馆
  • 登录
  • 详细信息显示
  • 放入我的书架
  • 预约/预借图书
  • 作者相关作品
  • 分类相关作品
  • 丛书相关作品
  • 出版社相关作品

书目信息

  • 表格格式
  • 工作单格式
  • 卡片格式
题名:
泰戈尔书信集
    
 
作者: 泰戈尔 著 ;白开元 译
分册:  
出版信息: 桂林   漓江出版社  2016
页数: 358页
开本: 21cm
丛书名: 外国名作家文集·泰戈尔卷
单 册:
中图分类: K833.515.6=52
科图分类:
主题词:
电子资源:
ISBN: 978-7-5407-7923-8
000 00882nam0 22002531 450
001 0119171308
005 20170619171308.0
010    @a978-7-5407-7923-8@dCNY45.00
100    @a20170308d2016 em y0chiy50 ea
101 1  @achi@cinc
102    @aCN@b450000
105    @aa z 000ey
106    @ar
200 1  @a泰戈尔书信集@9tai ge er shu xin ji@f(印)泰戈尔著@g白开元译
210    @a桂林@c漓江出版社@d2016
215    @a358页@c照片@d21cm
225 2  @a外国名作家文集·泰戈尔卷@9wai guo ming zuo jia wen ji tai ge er juan
461  0 @12001 @a外国名作家文集·泰戈尔卷
600  0 @a泰戈尔@9tai ge er@c(Tagore, Rabindranath@f1861-1941)@x书信集
690    @aK833.515.6=52@v5
701  0 @c(印)@a泰戈尔@9tai ge er@c(Tagore, Rabindranath@f1861~1941)@4著
702  0 @a白开元@9bai kai yuan@f(1945~)@4译
801  0 @aCN@b百万庄@c20170617
905    @b1012389-94@dK833.515.6=52@e849@f6
    
    泰戈尔书信集/(印)泰戈尔著/白开元译.-桂林:漓江出版社,2016
    358页:照片;21cm.-(外国名作家文集·泰戈尔卷)
    
    
    ISBN 978-7-5407-7923-8:CNY45.00
    
●
相关链接 在E读中查询图书 在五车中查询图书 在当当中查询图书 在豆瓣中查询图书


正题名:泰戈尔书信集     索取号:K833.515.6=52/849         预约/预借

序号 登录号 条形码 馆藏地/架位号 状态 备注
1 1012389   210123891   第二样本阅览室/ [索取号:K833.515.6=52/849] 在馆    
2 1012390   210123908   教育系资料室/ [索取号:K833.515.6=52/849] 在馆    
3 1012391   210123917   教育系资料室/ [索取号:K833.515.6=52/849] 在馆    
4 1012392   210123926   教育系资料室/ [索取号:K833.515.6=52/849] 在馆    
5 1012393   210123935   第二借阅区/ [索取号:K833.515.6=52/849] 在馆    
6 1012394   210123944   第二借阅区/ [索取号:K833.515.6=52/849] 在馆    
唐山师范学院图书馆 欢迎您!
大连网信软件有限公司© 版权所有